Proceedings of the Summer Seminar, Boulder, Colorado, 1957 /

Guardado en:
Autores Corporativos: Summer Seminar on Applied Mathematics University of Colorado), American Mathematical Society., University of Colorado (Boulder campus)
Otros Autores: Householder, Alston Scott, 1904- (Editor )
Formato: Libro
Idioma:English
Publicado: London ; New York : Interscience Publishers, 1959-<64.
Series:Lectures in applied mathematics (London) v. 1-<3 >
Etiquetas: Agregar Etiqueta
Sin Etiquetas, Sea el primero en etiquetar este registro!
LEADER 01463cam a22002651 4500
001 MAT.inmabb001776
008 730208m19599999enka#####b####101#0#eng#d
005 20150703182919.0
245 0 0 |a Proceedings of the Summer Seminar, Boulder, Colorado, 1957 /  |c American Mathematical Society editorial committee: Alston S. Householder, chairman, Mark Kac, H. J. Greenberg. 
260 |a London ;  |a New York :  |b Interscience Publishers,  |c 1959-<64. 
300 |a v. <3 > :  |b il. ;  |c 24 cm. 
490 1 |a Lectures in applied mathematics ;  |v v. 1-<3 > 
500 |a Arranged by the American Mathematical Society and the University of Colorado. 
500 |a Cada vol. tiene su propia portada. 
500 |a Vol. 3 has imprint: New York, London, Interscience Publishers. 
504 |a Incluye referencias bibliográficas. 
505 1 |a v. 1. Probability and related topics in physical sciences / by M. Kac. -- v. 2. Lectures on fluid mechanics / by S. Goldstein. -- v. 3. Partial differential equations / by L. Bers, F. John, and M. Schechter. 
500 |a La biblioteca posee el vol. 3.  |5 AR-BbIMB 
111 2 |a Summer Seminar on Applied Mathematics  |n (1º :  |d 1957 :  |c University of Colorado) 
700 1 |a Householder, Alston Scott,  |d 1904-  |4 edt 
710 2 |a American Mathematical Society. 
710 2 |a University of Colorado (Boulder campus) 
830 0 |a Lectures in applied mathematics (London)  |v v. 1-<3 > 
010 |a  60012712  
859 |p PEND-A-1668  |3 Vol. 3  |b BIB. MATEMATICA